Statistiques concernant Paroles : Voici les clés - Gérard Lenorman

Cliquez ici pour prendre le quiz!

Statistiques générales

  • Ce quiz a été pris 154 fois
  • Le résultat moyen est 224 sur 273

Statistiques - réponses

Réponse% Correct
clés
100%
de
100%
le
100%
les
100%
Voici
100%
pas
97%
Pas
97%
A
96%
à
96%
Et
94%
et
94%
Je
94%
je
94%
ne
94%
Ne
94%
ta
94%
ça
93%
Nicolas
92%
perds
92%
tes
92%
au
91%
la
91%
Tu
91%
tu
91%
des
90%
n'oublie
90%
folie
89%
en
87%
me
87%
87%
moi
86%
Moi
86%
pour
86%
t'aime
85%
Car
84%
santé
84%
ton
84%
amours
83%
il
83%
l'anniversaire
83%
on
83%
peut
83%
que
83%
sur
83%
cas
82%
plus
82%
servir
82%
toi
82%
changerais
80%
d'avis
80%
bonheur
79%
pont
79%
Elles
78%
elles
78%
huit
78%
jamais
78%
dix
77%
mes
77%
sait
77%
sont
77%
champagne
76%
Soupirs
76%
froid
75%
n'attend
73%
communion
72%
mois
72%
or
72%
Quand
72%
sais
71%
si
71%
chaud
70%
par
68%
lui
67%
trouver
67%
chance
66%
aime
65%
ce
65%
fais
65%
bien
64%
t'en
64%
vais
64%
rêves
62%
bouge
61%
Italie
61%
toujours
61%
voyage
60%
j'ai
59%
J'ai
59%
n'est
59%
aussi
58%
t'emmener
57%
d'amour
55%
eux
55%
J'allais
55%
longtemps
55%
petit
55%
chien
53%
depuis
53%
contents
52%
faut
52%
n'ouvraient
52%
qu'il
51%
perdant
50%
tenir
47%
bouquins
42%
Appelle-moi
41%
bouquins
39%

Distribution des résultats

Percentile par nombre de réponses

% des personnes avec chaque résultat

Votre développement - résultats

Vous n’avez pas pris ce quiz